100 meilleurs joueurs de FIFA 25 - Statistiques

Statistiques générales
  • Ce quiz a été pris 78 fois
  • Le résultat moyen est 67 sur 100
Statistiques - réponses
Poste Club Nationalité Note Réponse % Correct
BU Real Madrid France 91 Kylian Mbappé
100%
MOC Real Madrid Angleterre 90 Jude Bellingham
98%
BU Manchester City Norvège 91 Erling Haaland
95%
MDC Manchester City Espagne 91 Rodri
95%
AG Real Madrid Brésil 90 Vinicius Jr
95%
BU Bayern Munich Angleterre 90 Harry Kane
93%
MC Manchester City Belgique 90 Kevin De Bruyne
93%
G Real Madrid Belgique 90 Thibaut Courtois
93%
BU Atlético Madrid France 88 Antoine Griezmann
89%
BU Al Nassr Portugal 86 Cristiano Ronaldo
89%
G Aston Villa Argentine 87 Emiliano Martínez
89%
BU Inter Milan Argentine 89 Lautaro Martínez
89%
AD Inter Miami Argentine 88 Lionel Messi
89%
BU Tottenham Corée du Sud 87 Heung Min Son
88%
BU FC Barcelone Pologne 88 Robert Lewandowski
88%
DC Liverpool Pays Bas 89 Virgil van Dijk
88%
G FC Barcelone Allemagne 89 Marc-André ter Stegen
86%
AD Arsenal Angleterre 87 Bukayo Saka
84%
AD Liverpool Egypte 89 Mohamed Salah
84%
MC Real Madrid Uruguay 88 Federico Valverde
82%
AD Manchester City Angleterre 88 Phil Foden
82%
G Liverpool Brésil 89 Alisson
81%
G PSG Italie 89 Gianluigi Donnarumma
81%
MC Arsenal Norvège 89 Martin Ødegaard
81%
DC Real Madrid Allemagne 88 Antonio Rüdiger
79%
AD PSG France 86 Ousmane Dembélé
79%
AD Real Madrid Brésil 86 Rodrygo
79%
G Manchester City Brésil 88 Ederson
77%
MDC Arsenal Angleterre 87 Declan Rice
75%
MC FC Barcelone Pays Bas 87 Frenkie de Jong
75%
BU Al-Ittihad France 86 Karim Benzema
75%
DC Manchester City Portugal 88 Rúben Dias
75%
DD PSG Maroc 84 Achraf Hakimi
74%
MOC Bayer Leverkusen Allemagne 88 Florian Wirtz
74%
DC Arsenal France 87 William Saliba
74%
MC Manchester City Portugal 88 Bernardo Silva
72%
MOC Manchester United Portugal 87 Bruno Fernandes
72%
G Bayern Munich Allemagne 86 Manuel Neuer
72%
MC FC Barcelone Espagne 86 Pedri
72%
DG Milan AC France 87 Theo Hernández
72%
G Inter Milan Suisse 87 Yann Sommer
72%
DD Bayern Munich Allemagne 86 Joshua Kimmich
70%
MC Real Madrid Croatie 86 Luka Modrić
70%
DC PSG Brésil 87 Marquinhos
70%
MOC AS Rome Argentine 87 Paulo Dybala
70%
DD Real Madrid Espagne 86 Dani Carvajal
68%
G Milan AC France 87 Mike Maignan
68%
MC PSG Portugal 85 Vitinha
68%
AG Al Hilal Brésil 87 Neymar Jr
67%
AG Milan AC Portugal 86 Rafael Leão
67%
DD Liverpool Angleterre 86 Trent Alexander-Arnold
67%
MD Chelsea Angleterre 85 Cole Palmer
65%
MOC Bayern Munich Allemagne 87 Jamal Musiala
65%
BU Galatasaray Nigeria 87 Victor Osimhen
65%
DC Real Madrid Autriche 85 David Alaba
63%
DG Al Hilal Portugal 86 João Cancelo
63%
DC Arsenal Brésil 86 Gabriel Magalhães
61%
MDC Real Madrid France 85 Aurélien Tchouaméni
60%
MDC Bayer Leverkusen Suisse 86 Granit Xhaka
60%
MC Manchester City Allemagne 87 İlkay Gündoğan
60%
DD FC Barcelone France 85 Jules Koundé
60%
MDC Al-Ittihad France 85 N'Golo Kanté
60%
AD Al Ahli Algérie 85 Riyad Mahrez
60%
G Borussia Dortmund Suisse 88 Gregor Kobel
58%
G Atlético Madrid Slovénie 88 Jan Oblak
58%
BU Atlético Madrid Argentine 84 Julián Álvarez
58%
G Athletic Bilbao Espagne 86 Unai Simón
58%
BU Sporting Lisbonne Suède 84 Viktor Gyökeres
58%
MOC Newcastle Suède 85 Alexander Isak
56%
BU Liverpool Portugal 85 Diogo Jota
56%
MC Inter Milan Italie 87 Nicolò Barella
56%
MG Athletic Bilbao Espagne 85 Nico Williams
56%
DC Inter Milan Italie 87 Alessandro Bastoni
54%
MC Liverpool Argentine 86 Alexis Mac Allister
54%
DG Liverpool Ecosse 85 Andrew Robertson
54%
AG Manchester City Angleterre 84 Jack Grealish
54%
DC Bayer Leverkusen Allemagne 86 Jonathan Tah
54%
DC Manchester United Pays Bas 84 Matthijs de Ligt
54%
MG Bayer Leverkusen Espagne 86 Alejandro Grimaldo
53%
DC Real Madrid Brésil 85 Éder Militão
53%
MD Bayern Munich Allemagne 85 Leroy Sané
53%
BU Juventus Serbie 84 Dušan Vlahović
51%
DC FC Barcelone Uruguay 85 Ronald Araujo
51%
MDC Newcastle Italie 85 Sandro Tonali
51%
DC Juventus Brésil 86 Bremer
49%
DC Manchester City Angleterre 85 John Stones
49%
AG Naples Géorgie 85 Khvicha Kvaratskhelia
49%
BU RB Leipzig Belgique 85 Loïs Openda
49%
MDC Inter Milan Turquie 86 Hakan Çalhanoğlu
47%
DC AS Rome Allemagne 85 Mats Hummels
46%
BU Aston Villa Angleterre 85 Ollie Watkins
46%
MC Arsenal Espagne 85 Mikel Merino
42%
MC Al Hilal Serbie 85 Sergej Milinković-Savić
42%
MDC Newcastle Brésil 85 Bruno Guimarães
40%
G Valence CF Géorgie 85 Giorgi Mamardashvili
40%
MOC Tottenham Angleterre 85 James Maddison
39%
G FC Barcelone Pologne 85 Wojciech Szczęsny
39%
DC Borussia Dortmund Allemagne 85 Nico Schlotterbeck
37%
MDC Bayern Munich Portugal 85 João Palhinha
33%
BU Borussia Dortmund Allemagne 85 Julian Brandt
26%
Aucun quiz correspondant
Distribution des résultats
% des personnes avec chaque résultat
Percentile par nombre de réponses
Votre historique - résultats
Vous n’avez pas pris ce quiz